| 000 | 00522nam a2200193 i 4500 | ||
|---|---|---|---|
| 001 | 36313 | ||
| 003 | ES-MaACL | ||
| 005 | 20240424133036.0 | ||
| 007 | t| | ||
| 008 | 030217s1969 sp ||||1| spa d | ||
| 100 | 1 |
_aBrossa, Joan. _931934 |
|
| 245 | 1 | 3 |
_aEl saltamarti / _cJoan Brossa. |
| 260 |
_a[Barcelona : _bLlibres de Sinera, _c1969. |
||
| 300 |
_a160 p. : _bil. ; _c18 cm. |
||
| 490 | 1 |
_aOcnos ; _v1 |
|
| 830 | 0 |
_aColección Ocnos _v1 _9181638 |
|
| 852 |
_aES-MaACL _jC-52232 _bR.71618 |
||
| 999 |
_c36313 _d36313 |
||